Điện tử học?... không có gì đơn giản hơn!

Shranjeno v:
Bibliografske podrobnosti
Glavni avtor: J P Ochmichen
Format: Knjiga
Jezik:Undetermined
Izdano: Hà Nội KHKT 1984
Teme:
Oznake: Označite
Brez oznak, prvi označite!
Thư viện lưu trữ: Trung tâm Học liệu Trường Đại học Cần Thơ
LEADER 00552nam a2200181Ia 4500
001 CTU_14164
008 210402s9999 xx 000 0 und d
082 |a 621.381 
082 |b O.28 
100 |a J P Ochmichen 
245 0 |a Điện tử học?... không có gì đơn giản hơn! 
245 0 |c J P Ochmichen; Dịch giả: Mai Thanh Thụ 
260 |a Hà Nội 
260 |b KHKT 
260 |c 1984 
650 |a electronics 
904 |i Nguyễn Quang Điền, 961230 
980 |a Trung tâm Học liệu Trường Đại học Cần Thơ